【プロ野球】2025年の東京ヤクルトスワローズの選手 - Statistics

General Stats
  • This quiz has been taken 201 times
  • The average score is 42 of 69
Answer Stats
背番号 選手名 % Correct
55 村上宗隆
95%
1 山田哲人
93%
13 オスナ
92%
25 サンタナ
92%
27 中村悠平
89%
18 奥川恭伸
88%
7 長岡秀樹
88%
9 塩見泰隆
87%
2 古賀優大
83%
33 内山壮真
83%
19 石川雅規
80%
12 石山泰稚
78%
67 伊藤琉偉
78%
3 西川遥輝
77%
0 並木秀尊
75%
5 川端慎吾
73%
21 吉村貢司郎
72%
29 小川泰弘
72%
00 赤羽由紘
72%
8 茂木栄五郎
70%
10 宮本丈
70%
39 ランバート
69%
4 丸山和郁
67%
64 岩田幸宏
67%
24 星知弥
66%
44 大西広樹
66%
15 中村優斗
65%
34 田口麗斗
65%
47 高橋奎二
65%
60 武岡龍世
64%
17 清水昇
63%
65 鈴木叶
63%
50 北村恵吾
63%
11 アビラ
61%
20 木澤尚文
61%
32 松本直樹
60%
38 北村拓己
60%
40 高梨裕稔
59%
30 荘司宏太
58%
52 原樹理
58%
26 山野太一
55%
42 澤井廉
55%
51 濱田太貴
54%
43 山本大貴
52%
45 小澤怜史
52%
31 モイセエフニキータ
52%
46 太田賢吾
52%
41 矢崎拓也
51%
68 丸山翔大
51%
48 金久保優斗
49%
28 松本健吾
48%
63 増田珠
48%
58 バウマン
47%
54 田中陽翔
46%
49 山下輝
45%
99 青柳晃洋
45%
69 下川隼佑
43%
93 橋本星哉
43%
36 西村瑠伊斗
42%
53 長谷川宙輝
39%
37 山野辺翔
39%
90 中川拓真
36%
66 阪口皓亮
35%
57 矢野泰二郎
35%
56 坂本拓己
33%
61 宮川哲
33%
35 石原勇輝
30%
62 竹山日向
30%
71 沼田翔平
28%
No matching quizzes found
Score Distribution
Percent of People with Each Score
Percentile by Number Answered
Your Score History
You have not taken this quiz